Welcome to CU Library Online Public Access Catalogue (OPAC)

MCDOUGAL, LITTELL LITERATURE AND LANGUAGES (Record no. 1891)

MARC details
000 -LEADER
fixed length control field 00425nam a22001457a 4500
005 - DATE AND TIME OF LATEST TRANSACTION
control field 20241202121028.0
008 - FIXED-LENGTH DATA ELEMENTS--GENERAL INFORMATION
fixed length control field 241202b |||||||| |||| 00| 0 eng d
020 ## - INTERNATIONAL STANDARD BOOK NUMBER
International Standard Book Number 9780812380422
050 ## - LIBRARY OF CONGRESS CALL NUMBER
Classification number PN59
Item number .B36 MCD
245 ## - TITLE STATEMENT
Title MCDOUGAL, LITTELL LITERATURE AND LANGUAGES
260 ## - PUBLICATION, DISTRIBUTION, ETC.
Place of publication, distribution, etc. NEW YORK
Name of publisher, distributor, etc. MCDOUGAL, LITTELL AND COMPANY
Date of publication, distribution, etc. c1994
300 ## - PHYSICAL DESCRIPTION
Extent xx,809p;
Other physical details ill.;
700 ## - ADDED ENTRY--PERSONAL NAME
Personal name Applebee, N. Arthur...[et,..al]
942 ## - ADDED ENTRY ELEMENTS (KOHA)
Source of classification or shelving scheme Library of Congress Classification
Koha item type Books
Suppress in OPAC No
999 ## -
-- 1891
-- 1891
Holdings
Withdrawn status Lost status Source of classification or shelving scheme Damaged status Not for loan Collection Home library Current library Shelving location Date acquired Total checkouts Full call number Barcode Date last seen Copy number Price effective from Koha item type
    Library of Congress Classification     Non-fiction Business Library (Miotso) Business Library (Miotso) General stacks 03/27/2026   PN59.B37 MCD BSSM00003713 04/23/2026 2 03/27/2026 Books
    Library of Congress Classification     Non-fiction Undergraduate Library (Christ Temple) Undergraduate Library (Christ Temple) General stacks 12/02/2024   PN59.B37 MCD ulct00000470 12/02/2024 1 12/02/2024 Books
© 2023-2024 Copyright: Central University Libraries. All Rights Reserved | Created by: Mahone Tech Office